| 000 | 00522nam a2200181Ia 4500 | ||
|---|---|---|---|
| 999 |
_c29500 _d29500 |
||
| 003 | OSt | ||
| 005 | 20201127095635.0 | ||
| 008 | 190216s9999||||xx |||||||||||||| ||und|| | ||
| 020 | _a8171748422 | ||
| 040 | _coclc | ||
| 082 |
_a894.8123 _bKUN/G |
||
| 100 |
_aKunnangarikkalam, Thankachan _96831 |
||
| 245 | 0 |
_aGladiyator / _cThankachan Kunnangarikkalam |
|
| 260 |
_bC I C C Book House, _aKochi: _c2008. |
||
| 300 | _a127p | ||
| 650 | _aNovel | ||
| 942 |
_cBK _2ddc _h894.8123 _iKUN/G _k894.8123 _mKUN/G |
||